[Event "TUR-chT Superleague 2018"]
[Site "Ankara"]
[Date "2018.07.27"]
[Round "3"]
[White "Badelka, Olga"]
[Black "Yildiz Kadioglu, Betul Cemre"]
[Result "1-0"]
[WhiteElo "2407"]
[BlackElo "2323"]
[Annotator "NA"]
[PlyCount "127"]
[EventDate "2018.07.25"]
[EventType "team-tourn"]
[EventCountry "TUR"]
[SourceTitle "playchess.com"]
[Source "ChessBase"]
[SourceQuality "1"]
[TimeControl "40/5400+30:1800+30"]

1. c4 e6 2. Nf3 d5 3. b3 Nf6 4. Bb2 Nbd7 5. e3 c6 6. Nc3 Bd6 7. Qc2 Qe7 8. Be2 Ba3 9. Bxa3 Qxa3 10. O-O O-O 11. d4 Qe7 12. Rad1 b6 13. e4 dxe4 14. Nxe4 Nxe4 15. Qxe4 Bb7 16. Ne5 Nxe5 17. Qxe5 Qf6 18. Qxf6 gxf6 19. f4 Rfd8 20. f5 e5 21. dxe5 fxe5 22. f6 c5 23. Rf5 Rxd1+ 24. Bxd1 Re8 25. Rg5+ Kf8 26. Bg4 Bc8 27. Bxc8 Rxc8 28. Rxe5 Rc6 29. Rf5 Rd6 30. g4 h6 31. Kg2 Kg8 32. h4 Kh7 33. h5 Rd2+ 34. Rf2 Rd6 35. Kg3 Re6 36. Rf5 Rd6 37. Kh4 Re6 38. g5 hxg5+ 39. Kxg5 Re2 40. Rd5 Rg2+ {[%emt 1:48:30]} 41. Kh4 {[%emt 1:57:30]} Rf2 {[%emt 0:09:30]} 42. Rd7 {[%emt 0:00:00]} Rxf6 {[%emt 0:00:00]} 43. Rxa7 {[%emt 0:01:00]} Kh6 {[%emt 0:12:25]} 44. Rb7 {[%emt 0:00:30]} Rf4+ {[%emt 0:03:06]} 45. Kg3 {[%emt 0:00:30]} Rf1 {[%emt 0:01:35]} 46. Rxb6+ {[%emt 0:00:30]} Kxh5 {[%emt 0:00:02]} 47. Rb5 {[%emt 0:01:30]} f5 {[%emt 0:00:49]} 48. Rxc5 {[%emt 0:01:30]} Kg5 {[%emt 0:00:06]} 49. b4 {[%emt 0:12:25]} Rc1 {[%emt 0:01:11]} 50. b5 {[%emt 0:00:48]} Rc3+ {[%emt 0:00:30]} 51. Kf2 {[%emt 0:00:00]} Rc2+ {[%emt 0:03:14]} 52. Kf3 {[%emt 0:01:27]} Rb2 {[%emt 0:03:37]} 53. Rc8 {[%emt 0:04:35]} Rxa2 {[%emt 0:00:02]} 54. Rg8+ {[%emt 0:00:56]} Kf6 {[%emt 0:00:01]} 55. b6 {[%emt 0:00:01]} Rb2 {[%emt 0:00:38]} 56. c5 {[%emt 0:00:37]} Ke5 {[%emt 0:01:27]} 57. c6 {[%emt 0:00:45]} Rb3+ {[%emt 0:00:49]} 58. Ke2 {[%emt 0:00:41]} Rb2+ {[%emt 0:00:04]} 59. Kf3 {[%emt 0:01:24]} Rb3+ {[%emt 0:00:03]} 60. Kg2 {[%emt 0:00:27]} Rb2+ {[%emt 0:00:13]} 61. Kh3 {[%emt 0:00:01]} Rb3+ {[%emt 0:02:45]} 62. Kh4 {[%emt 0:00:15]} Rxb6 {[%emt 0:00:44]} 63. c7 {[%emt 0:00:30]} Kf4 {[%emt 0:00:00]} 64. Kh5 {[%emt 0:00:18]} 1-0

[Event "TUR-chT Superleague 2018"]
[Site "Ankara"]
[Date "2018.07.27"]
[Round "3"]
[White "Erturan, Yakup"]
[Black "Koksal, Ege"]
[Result "1/2-1/2"]
[WhiteElo "2378"]
[BlackElo "2378"]
[Annotator "NA"]
[PlyCount "61"]
[EventDate "2018.07.25"]
[EventType "team-tourn"]
[EventCountry "TUR"]
[SourceTitle "playchess.com"]
[Source "ChessBase"]
[SourceQuality "1"]
[TimeControl "40/5400+30:1800+30"]

1. c4 {[%emt 0:00:30]} Nf6 {[%emt 0:01:00]} 2. Nf3 {[%emt 0:00:30]} e6 {[%emt 0:00:30]} 3. g3 {[%emt 0:03:30]} d5 {[%emt 0:00:30]} 4. Bg2 {[%emt 0:00:00]} Nbd7 {[%emt 0:08:30]} 5. Qc2 {[%emt 0:01:00]} dxc4 {[%emt 0:01:30]} 6. Qxc4 {[%emt 0:00:30]} c5 {[%emt 0:00:00]} 7. O-O {[%emt 0:01:30]} a6 {[%emt 0:00:00]} 8. d3 {[%emt 0:05:30]} b5 {[%emt 0:01:30]} 9. Qb3 {[%emt 0:00:30]} Bb7 {[%emt 0:04:30]} 10. a4 {[%emt 0:03:30]} Bd5 {[%emt 0:05:30]} 11. Qc2 {[%emt 0:02:30]} Be7 {[%emt 0:02:30]} 12. Nc3 {[%emt 0:03:30]} Bc6 {[%emt 0:00:30]} 13. Nd2 {[%emt 0:17:30]} Bxg2 {[%emt 0:04:30]} 14. Kxg2 {[%emt 0:00:30]} O-O {[%emt 0:08:30]} 15. Nde4 {[%emt 0:04:30]} Qb6 {[%emt 0:14:30]} 16. Nxf6+ {[%emt 0:04:30]} Nxf6 {[%emt 0:01:30]} 17. Bg5 {[%emt 0:01:30]} c4 {[%emt 0:13:30]} 18. axb5 {[%emt 0:09:30]} axb5 {[%emt 0:03:30]} 19. Bxf6 {[%emt 0:04:30]} Bxf6 {[%emt 0:04:30]} 20. Ne4 {[%emt 0:02:30]} Qd4 {[%emt 0:06:18]} 21. Nxf6+ {[%emt 0:00:30]} Qxf6 {[%emt 0:00:26]} 22. Rxa8 {[%emt 0:00:30]} Rxa8 {[%emt 0:00:04]} 23. dxc4 {[%emt 0:00:30]} bxc4 {[%emt 0:00:11]} 24. Qxc4 {[%emt 0:01:30]} Qxb2 {[%emt 0:00:11]} 25. Rc1 {[%emt 0:00:30]} h6 {[%emt 0:00:18]} 26. Rc2 {[%emt 0:00:30]} Qb7+ {[%emt 0:00:11]} 27. Qc6 {[%emt 0:00:30]} Qxc6+ {[%emt 0:00:30]} 28. Rxc6 {[%emt 0:00:00]} Kh7 {[%emt 0:00:19]} 29. h4 {[%emt 0:00:00]} Kg6 {[%emt 0:00:00]} 30. Kf3 {[%emt 0:00:30]} Ra3+ {[%emt 0:00:29]} 31. e3 {[%emt 0:00:30]} 1/2-1/2

[Event "TUR-chT Superleague 2018"]
[Site "Ankara"]
[Date "2018.07.27"]
[Round "3"]
[White "Kerigan, Demre"]
[Black "Yilmazyerli, Mert"]
[Result "1-0"]
[WhiteElo "2366"]
[BlackElo "2491"]
[Annotator "ChessBase"]
[PlyCount "77"]
[EventDate "2018.07.25"]
[EventType "team-tourn"]
[EventCountry "TUR"]
[SourceTitle "playchess.com"]
[Source "ChessBase"]
[SourceQuality "1"]
[TimeControl "40/5400+30:1800+30"]

1. e4 {[%emt 0:00:30]} c5 {[%emt 0:02:00]} 2. Nc3 {[%emt 0:00:00]} g6 {[%emt 0:01:30]} 3. d4 {[%emt 0:00:00]} cxd4 {[%emt 0:04:30]} 4. Qxd4 {[%emt 0:00:30]} Nf6 {[%emt 0:00:00]} 5. Bb5 {[%emt 0:01:30]} Nc6 {[%emt 0:07:00]} 6. Bxc6 {[%emt 0:00:30]} dxc6 {[%emt 0:00:30]} 7. Qxd8+ {[%emt 0:00:30]} Kxd8 {[%emt 0:00:00]} 8. Bf4 {[%emt 0:03:30]} Be6 {[%emt 0:03:00]} 9. Nf3 {[%emt 0:08:30]} Ke8 {[%emt 0:05:30]} 10. Nd4 {[%emt 0:04:30]} Bc4 {[%emt 0:15:30]} 11. b3 {[%emt 0:09:30]} Ba6 {[%emt 0:00:30]} 12. e5 {[%emt 0:09:30]} Nd5 {[%emt 0:07:30]} 13. Nxd5 {[%emt 0:01:30]} cxd5 {[%emt 0:00:30]} 14. e6 {[%emt 0:02:30]} Bg7 {[%emt 0:03:30]} 15. O-O-O {[%emt 0:00:30]} Bxd4 {[%emt 0:07:30]} 16. exf7+ {[%emt 0:00:30]} Kxf7 {[%emt 0:00:30]} 17. Rxd4 {[%emt 0:00:30]} e6 {[%emt 0:00:30]} 18. h4 {[%emt 0:04:30]} Ke7 {[%emt 0:11:30]} 19. Re1 {[%emt 0:11:30]} Kf7 {[%emt 0:13:11]} 20. Bd6 {[%emt 0:12:30]} Rhe8 {[%emt 0:01:41]} 21. Rf4+ {[%emt 0:01:30]} Kg8 {[%emt 0:00:40]} 22. h5 {[%emt 0:02:30]} Rad8 {[%emt 0:02:21]} 23. Be5 {[%emt 0:00:00]} Rf8 {[%emt 0:02:35]} 24. hxg6 {[%emt 0:07:29]} Rxf4 {[%emt 0:01:39]} 25. gxh7+ {[%emt 0:00:35]} Kxh7 {[%emt 0:00:05]} 26. Bxf4 {[%emt 0:00:07]} Re8 {[%emt 0:00:20]} 27. Kd2 {[%emt 0:00:50]} Kg6 {[%emt 0:00:07]} 28. g4 {[%emt 0:01:19]} Bb5 {[%emt 0:00:38]} 29. Be5 {[%emt 0:01:12]} Bd7 {[%emt 0:04:37]} 30. f4 {[%emt 0:00:39]} a6 {[%emt 0:03:08]} 31. Rh1 {[%emt 0:01:37]} Re7 {[%emt 0:00:20]} 32. Rh8 {[%emt 0:01:00]} Rh7 {[%emt 0:00:08]} 33. Rf8 {[%emt 0:00:15]} Rf7 {[%emt 0:01:47]} 34. Rg8+ {[%emt 0:00:30]} Kh7 {[%emt 0:00:00]} 35. Rb8 {[%emt 0:01:52]} Bc6 {[%emt 0:00:12]} 36. g5 {[%emt 0:02:00]} Re7 {[%emt 0:01:04]} 37. Rh8+ {[%emt 0:01:46]} Kg6 {[%emt 0:00:30]} 38. Rh6+ {[%emt 0:00:00]} Kf5 {[%emt 0:00:00]} 39. g6 {[%emt 0:00:08]} 1-0

[Event "TUR-chT Superleague 2018"]
[Site "Ankara"]
[Date "2018.07.27"]
[Round "3"]
[White "Unuk, Laura"]
[Black "Mammadzada, Gunay"]
[Result "1/2-1/2"]
[WhiteElo "2355"]
[BlackElo "2426"]
[Annotator "NA"]
[PlyCount "135"]
[EventDate "2018.07.25"]
[EventType "team-tourn"]
[EventCountry "TUR"]
[SourceTitle "playchess.com"]
[Source "ChessBase"]
[SourceQuality "1"]
[TimeControl "40/5400+30:1800+30"]

1. d4 d5 2. c4 c6 3. Nf3 Nf6 4. Nc3 a6 5. e3 Bf5 6. Be2 h6 7. Qb3 Ra7 8. cxd5 cxd5 9. Bd2 e6 10. Ne5 Nbd7 11. Nxd7 Nxd7 12. f3 Bd6 13. g3 O-O 14. e4 dxe4 15. fxe4 Bg6 16. Be3 b5 17. Bf3 Nb6 18. Rd1 Nc4 19. Bf2 Rc7 20. a3 Qc8 21. Ne2 f6 22. O-O Bf7 23. Nc1 e5 24. d5 Na5 25. Qd3 Nc4 26. Qe2 Bc5 27. Bxc5 Rxc5 28. Nd3 Rc7 29. Rc1 Qb8 30. Qf2 h5 31. Nc5 Qb6 32. b4 a5 33. Nb3 Qxf2+ 34. Rxf2 axb4 35. axb4 Ra7 36. Nc5 Rfa8 37. Rfc2 {[%emt 1:22:30]} Bg6 {[%emt 1:19:00]} 38. Kf2 {[%emt 0:00:30]} Nd6 {[%emt 0:00:30]} 39. Ke3 {[%emt 0:00:30]} Ra3+ {[%emt 0:00:30]} 40. Kf2 {[%emt 0:00:30]} f5 {[%emt 0:30:30]} 41. Re2 {[%emt 0:42:08]} fxe4 {[%emt 0:04:30]} 42. Bxe4 {[%emt 0:00:37]} Nxe4+ {[%emt 0:01:30]} 43. Nxe4 {[%emt 0:00:12]} Rf8+ {[%emt 0:05:46]} 44. Kg1 {[%emt 0:04:36]} Rd3 {[%emt 0:00:55]} 45. Ng5 {[%emt 0:02:43]} Rxd5 {[%emt 0:01:16]} 46. Ne6 {[%emt 0:02:10]} Re8 {[%emt 0:04:44]} 47. Nc7 {[%emt 0:02:03]} Rc8 {[%emt 0:00:07]} 48. Rc6 {[%emt 0:00:09]} Rd1+ {[%emt 0:00:48]} 49. Kg2 {[%emt 0:00:41]} Bd3 {[%emt 0:08:27]} 50. Rxe5 {[%emt 0:01:54]} Bf1+ {[%emt 0:01:16]} 51. Kf2 {[%emt 0:01:03]} Rf8+ {[%emt 0:00:04]} 52. Ke3 {[%emt 0:00:00]} Rd3+ {[%emt 0:01:17]} 53. Ke4 {[%emt 0:00:34]} Rb3 {[%emt 0:00:06]} 54. Nd5 {[%emt 0:03:11]} Bg2+ {[%emt 0:02:13]} 55. Kd4 {[%emt 0:00:02]} Rd8 {[%emt 0:02:25]} 56. Rxh5 {[%emt 0:00:40]} Rxb4+ {[%emt 0:00:34]} 57. Kc5 {[%emt 0:01:11]} Rb2 {[%emt 0:00:36]} 58. Ne7+ {[%emt 0:00:59]} Kf7 {[%emt 0:00:06]} 59. Nd5 {[%emt 0:00:00]} Bxd5 {[%emt 0:02:23]} 60. Rxd5 {[%emt 0:00:04]} Rxd5+ {[%emt 0:00:25]} 61. Kxd5 {[%emt 0:00:03]} Rxh2 {[%emt 0:00:00]} 62. Rb6 {[%emt 0:00:39]} Rb2 {[%emt 0:00:32]} 63. Ke5 {[%emt 0:00:41]} b4 {[%emt 0:00:52]} 64. Kf5 {[%emt 0:00:27]} Rf2+ {[%emt 0:00:28]} 65. Kg5 {[%emt 0:00:46]} Rf3 {[%emt 0:00:23]} 66. Rxb4 {[%emt 0:00:35]} Rxg3+ {[%emt 0:00:30]} 67. Kf4 {[%emt 0:00:00]} Rc3 {[%emt 0:00:14]} 68. Ke4 {[%emt 0:00:13]} 1/2-1/2

[Event "TUR-chT Superleague 2018"]
[Site "Ankara"]
[Date "2018.07.27"]
[Round "3"]
[White "Mamedjarova, Zeinab"]
[Black "Buksa, Nataliya"]
[Result "1-0"]
[WhiteElo "2345"]
[BlackElo "2337"]
[Annotator "NA"]
[PlyCount "103"]
[EventDate "2018.07.25"]
[EventType "team-tourn"]
[EventCountry "TUR"]
[SourceTitle "playchess.com"]
[Source "ChessBase"]
[SourceQuality "1"]
[TimeControl "40/5400+30:1800+30"]

1. d4 d5 2. Nf3 Nf6 3. c4 e6 4. e3 b6 5. cxd5 exd5 6. Bd3 Be7 7. Ne5 O-O 8. O-O c5 9. b3 Ba6 10. Bb2 Qc7 11. dxc5 bxc5 12. Bxa6 Nxa6 13. Nd2 Rfd8 14. Rc1 Rac8 15. f4 Qb7 16. Qe2 Nb4 17. Rf3 Nxa2 18. Ra1 Nb4 19. Rh3 d4 20. e4 Nc2 21. Qc4 Nd5 22. Qxc2 Nxf4 23. Rf3 Bf6 24. Ng4 Bg5 25. h4 Ne2+ 26. Kf2 d3 27. Qd1 Bxh4+ 28. g3 Bg5 29. Ne5 Bxd2 30. Qxd2 Qxe4 31. Nxf7 Nd4 32. Rf4 Qe2+ 33. Qxe2 Nxe2 34. Nxd8 Nxf4 35. gxf4 Rxd8 36. Bc3 Rb8 {[%emt 1:21:30]} 37. Ra3 {[%emt 1:18:30]} Rd8 {[%emt 0:00:30]} 38. Ke3 {[%emt 0:00:30]} Rd7 {[%emt 0:00:30]} 39. Ra5 {[%emt 0:00:30]} Rb7 {[%emt 0:00:30]} 40. Kxd3 {[%emt 0:00:30]} Rxb3 {[%emt 0:30:30]} 41. Rxa7 {[%emt 0:30:30]} g6 {[%emt 0:00:30]} 42. Rg7+ {[%emt 0:00:30]} Kf8 {[%emt 0:02:30]} 43. Rxh7 {[%emt 0:00:30]} Rb1 {[%emt 0:04:30]} 44. Rc7 {[%emt 0:04:30]} Rg1 {[%emt 0:01:52]} 45. Bf6 {[%emt 0:00:30]} Rc1 {[%emt 0:01:02]} 46. Ke4 {[%emt 0:00:30]} Re1+ {[%emt 0:03:22]} 47. Kd5 {[%emt 0:00:30]} Ke8 {[%emt 0:00:16]} 48. Rg7 {[%emt 0:01:30]} c4 {[%emt 0:01:37]} 49. Be5 {[%emt 0:00:30]} Kf8 {[%emt 0:02:38]} 50. Rc7 {[%emt 0:00:00]} g5 {[%emt 0:00:22]} 51. Ke6 {[%emt 0:02:00]} Kg8 {[%emt 0:00:06]} 52. f5 {[%emt 0:00:00]} 1-0

[Event "TUR-chT Superleague 2018"]
[Site "Ankara"]
[Date "2018.07.27"]
[Round "3"]
[White "Selbes, Tamer Tarik"]
[Black "Ertan, Can"]
[Result "0-1"]
[WhiteElo "2330"]
[BlackElo "2379"]
[Annotator "NA"]
[PlyCount "114"]
[EventDate "2018.07.25"]
[EventType "team-tourn"]
[EventCountry "TUR"]
[SourceTitle "playchess.com"]
[Source "ChessBase"]
[SourceQuality "1"]
[TimeControl "40/5400+30:1800+30"]

1. g3 e5 2. Bg2 d5 3. Nf3 e4 4. Nd4 Bc5 5. c3 Ne7 6. d3 exd3 7. Qxd3 O-O 8. O-O Nd7 9. Bg5 c6 10. e4 dxe4 11. Qxe4 h6 12. Bxe7 Bxe7 13. Nf5 Bc5 14. b4 Re8 15. Qf4 Bf8 16. Na3 Qf6 17. Nd4 Qxf4 18. gxf4 a5 19. Nc4 axb4 20. cxb4 Bxb4 21. Rab1 Bc5 22. Nf5 Re6 23. Rb2 Ra4 24. Rc2 Rf6 25. Bh3 Kh7 26. Re1 b5 27. Nb2 Rxf4 28. Nd3 Rf3 29. Nxc5 Nxc5 30. Rxc5 Rg6+ 31. Kf1 Rg5 32. Bg2 Bxf5 33. Bxf3 Bd3+ 34. Be2 Bxe2+ 35. Kxe2 Rxc5 36. Kd3 Rf5 37. Re2 Kg6 38. Rc2 c5 39. Rb2 c4+ 40. Kc3 Kg5 41. Kb4 Kg4 42. Re2 g5 43. Re3 Rxf2 44. Kxb5 Rxa2 45. h3+ {[%emt 1:50:30]} Kh4 {[%emt 1:42:00]} 46. Rf3 {[%emt 0:00:30]} c3 {[%emt 0:00:30]} 47. Rxc3 {[%emt 0:00:30]} f5 {[%emt 0:00:30]} 48. Kc5 {[%emt 0:00:30]} Rd2 {[%emt 0:00:30]} 49. Rf3 {[%emt 0:00:30]} f4 {[%emt 0:00:30]} 50. Kc4 {[%emt 0:00:30]} Rh2 {[%emt 0:00:30]} 51. Kd4 {[%emt 0:00:30]} Rxh3 {[%emt 0:00:30]} 52. Rf1 {[%emt 0:00:30]} Kg4 {[%emt 0:00:30]} 53. Ke5 {[%emt 0:00:30]} Re3+ {[%emt 0:00:30]} 54. Kf6 {[%emt 0:00:30]} h5 {[%emt 0:00:30]} 55. Rg1+ {[%emt 0:00:30]} Rg3 {[%emt 0:00:30]} 56. Rb1 {[%emt 0:00:30]} f3 {[%emt 0:00:30]} 57. Kg6 {[%emt 0:00:30]} f2 {[%emt 0:00:30]} 0-1

[Event "TUR-chT Superleague 2018"]
[Site "Ankara"]
[Date "2018.07.27"]
[Round "3"]
[White "Kilic, Efe Mert"]
[Black "Gulden, Egemen"]
[Result "0-1"]
[WhiteElo "2317"]
[BlackElo "2085"]
[Annotator "NA"]
[PlyCount "127"]
[EventDate "2018.07.25"]
[EventType "team-tourn"]
[EventCountry "TUR"]
[SourceTitle "playchess.com"]
[Source "ChessBase"]
[SourceQuality "1"]
[TimeControl "40/5400+30:1800+30"]

1. e4 {[%emt 0:00:30]} c5 {[%emt 0:01:00]} 2. Nf3 {[%emt 0:03:30]} d6 {[%emt 0:00:30]} 3. d4 {[%emt 0:00:30]} cxd4 {[%emt 0:00:00]} 4. Nxd4 {[%emt 0:00:30]} Nf6 {[%emt 0:00:00]} 5. Nc3 {[%emt 0:00:30]} a6 {[%emt 0:00:30]} 6. Bg5 {[%emt 0:03:30]} e6 {[%emt 0:00:00]} 7. f4 {[%emt 0:02:30]} Qb6 {[%emt 0:01:00]} 8. Nb3 {[%emt 0:07:30]} Nbd7 {[%emt 0:02:30]} 9. Qf3 {[%emt 0:00:30]} Be7 {[%emt 0:03:30]} 10. O-O-O {[%emt 0:00:30]} Qc7 {[%emt 0:03:30]} 11. g4 {[%emt 0:12:30]} b5 {[%emt 0:06:30]} 12. a3 {[%emt 0:09:30]} Bb7 {[%emt 0:01:30]} 13. Bg2 {[%emt 0:00:30]} Rc8 {[%emt 0:04:30]} 14. Qe2 {[%emt 0:01:30]} h6 {[%emt 0:09:30]} 15. Bh4 {[%emt 0:02:30]} Nxe4 {[%emt 0:14:30]} 16. Bxe4 {[%emt 0:02:30]} Bxh4 {[%emt 0:01:30]} 17. Bxb7 {[%emt 0:01:30]} Qxb7 {[%emt 0:00:30]} 18. g5 {[%emt 0:00:30]} Rxc3 {[%emt 0:09:30]} 19. bxc3 {[%emt 0:00:30]} hxg5 {[%emt 0:00:00]} 20. Nd4 {[%emt 0:04:30]} Qd5 {[%emt 0:11:00]} 21. Qf3 {[%emt 0:07:30]} Qxf3 {[%emt 0:17:24]} 22. Nxf3 {[%emt 0:00:00]} d5 {[%emt 0:08:31]} 23. fxg5 {[%emt 0:01:00]} Ke7 {[%emt 0:00:29]} 24. Rdf1 {[%emt 0:17:53]} f6 {[%emt 0:02:25]} 25. Rhg1 {[%emt 0:00:30]} Rh5 {[%emt 0:00:22]} 26. Rg4 {[%emt 0:03:37]} Bxg5+ {[%emt 0:00:20]} 27. Nxg5 {[%emt 0:00:10]} fxg5 {[%emt 0:00:14]} 28. Kb2 {[%emt 0:02:48]} Ne5 {[%emt 0:00:57]} 29. Rg2 {[%emt 0:00:46]} Nc4+ {[%emt 0:00:42]} 30. Kb3 {[%emt 0:00:30]} Ne3 {[%emt 0:00:30]} 31. Rff2 {[%emt 0:00:30]} Nxg2 {[%emt 0:00:30]} 32. Rxg2 {[%emt 0:00:00]} Kf6 {[%emt 0:01:25]} 33. Kb4 {[%emt 0:00:00]} Rh4+ {[%emt 0:00:30]} 34. Kc5 {[%emt 0:00:00]} Rc4+ {[%emt 0:00:27]} 35. Kd6 {[%emt 0:00:00]} Rxc3 {[%emt 0:00:17]} 36. Rf2+ {[%emt 0:00:05]} Kg6 {[%emt 0:00:30]} 37. Kxe6 {[%emt 0:00:00]} Rxa3 {[%emt 0:00:24]} 38. Kxd5 {[%emt 0:00:00]} Rc3 {[%emt 0:00:15]} 39. Re2 {[%emt 0:01:47]} Kh5 {[%emt 0:00:21]} 40. Ke6 {[%emt 0:00:00]} b4 {[%emt 0:01:27]} 41. Kf7 {[%emt 0:03:24]} Rc7+ {[%emt 0:00:30]} 42. Ke6 {[%emt 0:00:30]} a5 {[%emt 0:00:00]} 43. Kf5 {[%emt 0:00:30]} Rc5+ {[%emt 0:00:00]} 44. Ke6 {[%emt 0:00:30]} a4 {[%emt 0:00:30]} 45. Kd6 {[%emt 0:00:30]} Rc3 {[%emt 0:00:30]} 46. Re4 {[%emt 0:00:00]} Rxc2 {[%emt 0:02:30]} 47. Rxb4 {[%emt 0:00:00]} a3 {[%emt 0:00:30]} 48. Ra4 {[%emt 0:00:00]} Rxh2 {[%emt 0:00:30]} 49. Rxa3 {[%emt 0:00:00]} Re2 {[%emt 0:00:30]} 50. Rh3+ {[%emt 0:00:30]} Kg6 {[%emt 0:00:30]} 51. Rg3 {[%emt 0:00:00]} Re4 {[%emt 0:00:30]} 52. Kd5 {[%emt 0:00:00]} Ra4 {[%emt 0:00:00]} 53. Ke5 {[%emt 0:00:30]} g4 {[%emt 0:00:00]} 54. Rg1 {[%emt 0:00:30]} Kg5 {[%emt 0:00:30]} 55. Rg2 {[%emt 0:00:30]} Ra3 {[%emt 0:00:30]} 56. Ke4 {[%emt 0:00:30]} g3 {[%emt 0:00:00]} 57. Rb2 {[%emt 0:00:30]} Kg4 {[%emt 0:00:00]} 58. Rc2 {[%emt 0:00:30]} g5 {[%emt 0:00:30]} 59. Rb2 {[%emt 0:00:30]} Rf3 {[%emt 0:00:30]} 60. Rg2 {[%emt 0:00:30]} Rf2 {[%emt 0:00:30]} 61. Rg1 {[%emt 0:00:30]} g2 {[%emt 0:00:30]} 62. Ke3 {[%emt 0:00:00]} Kg3 {[%emt 0:00:00]} 63. Ra1 {[%emt 0:00:00]} Rf1 {[%emt 0:00:00]} 64. Kd4 {[%emt 0:00:30]} 0-1

[Event "TUR-chT Superleague 2018"]
[Site "Ankara"]
[Date "2018.07.27"]
[Round "3"]
[White "Ozen, Bahadir"]
[Black "Yaran, Siar"]
[Result "0-1"]
[WhiteElo "2317"]
[BlackElo "2261"]
[Annotator "NA"]
[PlyCount "98"]
[EventDate "2018.07.25"]
[EventType "team-tourn"]
[EventCountry "TUR"]
[SourceTitle "playchess.com"]
[Source "ChessBase"]
[SourceQuality "1"]
[TimeControl "40/5400+30:1800+30"]

1. e4 {[%emt 0:00:30]} e5 {[%emt 0:02:00]} 2. Nf3 {[%emt 0:00:00]} Nc6 {[%emt 0:00:00]} 3. Bc4 {[%emt 0:00:00]} Bc5 {[%emt 0:00:00]} 4. c3 {[%emt 0:00:30]} Nf6 {[%emt 0:00:30]} 5. d3 {[%emt 0:00:30]} a6 {[%emt 0:00:30]} 6. a4 {[%emt 0:00:30]} O-O {[%emt 0:02:30]} 7. Bg5 {[%emt 0:00:30]} h6 {[%emt 0:03:30]} 8. Bh4 {[%emt 0:01:30]} Be7 {[%emt 0:00:00]} 9. O-O {[%emt 0:03:30]} d6 {[%emt 0:13:00]} 10. Nbd2 {[%emt 0:05:30]} Nh5 11. Bg3 {[%emt 0:03:30]} Nxg3 {[%emt 0:08:00]} 12. hxg3 {[%emt 0:00:30]} Kh8 {[%emt 0:14:30]} 13. Re1 {[%emt 0:02:30]} f5 {[%emt 0:01:30]} 14. Nf1 {[%emt 0:01:30]} f4 {[%emt 0:08:30]} 15. gxf4 {[%emt 0:00:30]} exf4 {[%emt 0:01:30]} 16. d4 {[%emt 0:01:30]} g5 {[%emt 0:01:30]} 17. N3h2 {[%emt 0:02:30]} Bf6 {[%emt 0:07:30]} 18. Be2 {[%emt 0:01:30]} Bd7 {[%emt 0:01:30]} 19. Nd2 {[%emt 0:01:30]} Bg7 {[%emt 0:01:30]} 20. a5 {[%emt 0:03:30]} Be8 {[%emt 0:02:30]} 21. Bh5 {[%emt 0:12:30]} Qd7 {[%emt 0:02:30]} 22. Qf3 {[%emt 0:06:30]} Bf7 {[%emt 0:00:30]} 23. Kh1 {[%emt 0:09:30]} Qe8 {[%emt 0:00:30]} 24. Bxf7 {[%emt 0:00:30]} Qxf7 {[%emt 0:00:30]} 25. g4 {[%emt 0:06:30]} fxg3 {[%emt 0:01:30]} 26. fxg3 {[%emt 0:01:30]} Qg6 {[%emt 0:01:30]} 27. Qe2 {[%emt 0:00:30]} Rae8 {[%emt 0:03:30]} 28. b4 {[%emt 0:00:30]} Na7 {[%emt 0:01:30]} 29. Rac1 {[%emt 0:02:30]} Nb5 {[%emt 0:00:30]} 30. Rf1 {[%emt 0:02:30]} Rxf1+ {[%emt 0:01:30]} 31. Nhxf1 {[%emt 0:01:30]} c5 {[%emt 0:00:30]} 32. bxc5 {[%emt 0:01:30]} dxc5 {[%emt 0:00:00]} 33. dxc5 {[%emt 0:00:00]} Nxc3 {[%emt 0:00:00]} 34. Qf3 {[%emt 0:01:00]} Nxe4 {[%emt 0:02:30]} 35. Re1 {[%emt 0:00:30]} g4 {[%emt 0:02:43]} 36. Qf4 {[%emt 0:00:30]} Qh5+ {[%emt 0:00:52]} 37. Nh2 {[%emt 0:00:30]} Nxg3+ {[%emt 0:01:49]} 38. Qxg3 {[%emt 0:00:30]} Qd5+ {[%emt 0:00:00]} 39. Nhf3 {[%emt 0:02:30]} Rxe1+ {[%emt 0:00:03]} 40. Qxe1 {[%emt 0:00:00]} gxf3 {[%emt 0:00:33]} 41. Qe8+ {[%emt 0:01:00]} Kh7 {[%emt 0:00:30]} 42. Qe4+ {[%emt 0:00:30]} Qxe4 {[%emt 0:00:30]} 43. Nxe4 {[%emt 0:00:30]} Bd4 {[%emt 0:00:00]} 44. Kh2 {[%emt 0:00:30]} Kg6 {[%emt 0:00:00]} 45. Kg3 {[%emt 0:00:00]} f2 {[%emt 0:00:30]} 46. Kg2 {[%emt 0:00:00]} h5 {[%emt 0:00:30]} 47. Nd6 {[%emt 0:00:30]} Bxc5 {[%emt 0:00:30]} 48. Nxb7 {[%emt 0:00:30]} Be7 {[%emt 0:00:30]} 49. Kxf2 {[%emt 0:00:30]} Kf5 {[%emt 0:00:00]} 0-1

[Event "TUR-chT Superleague 2018"]
[Site "Ankara"]
[Date "2018.07.27"]
[Round "3"]
[White "Keler, Faruk"]
[Black "Kinsiz, Onur"]
[Result "1-0"]
[WhiteElo "2286"]
[BlackElo "2204"]
[Annotator "NA"]
[PlyCount "71"]
[EventDate "2018.07.25"]
[EventType "team-tourn"]
[EventCountry "TUR"]
[SourceTitle "playchess.com"]
[Source "ChessBase"]
[SourceQuality "1"]
[TimeControl "40/5400+30:1800+30"]

1. e4 {[%emt 0:00:30]} d6 {[%emt 0:01:00]} 2. d4 {[%emt 0:00:30]} Nf6 {[%emt 0:00:30]} 3. Nc3 {[%emt 0:00:00]} e5 {[%emt 0:00:30]} 4. Nf3 {[%emt 0:00:00]} Nbd7 {[%emt 0:00:00]} 5. Bc4 {[%emt 0:00:30]} Be7 {[%emt 0:00:00]} 6. O-O {[%emt 0:00:00]} O-O {[%emt 0:00:30]} 7. Re1 {[%emt 0:00:00]} c6 {[%emt 0:00:30]} 8. a4 {[%emt 0:00:00]} b6 {[%emt 0:03:30]} 9. d5 {[%emt 0:00:00]} cxd5 {[%emt 0:01:30]} 10. Nxd5 {[%emt 0:01:30]} Bb7 {[%emt 0:00:00]} 11. b3 {[%emt 0:00:30]} Rc8 {[%emt 0:01:00]} 12. Nxe7+ {[%emt 0:00:30]} Qxe7 {[%emt 0:00:00]} 13. Nd2 {[%emt 0:00:30]} Nc5 {[%emt 0:12:00]} 14. f3 {[%emt 0:03:30]} Rfd8 {[%emt 0:21:30]} 15. Bb2 {[%emt 0:05:30]} Qd7 {[%emt 0:08:30]} 16. Bf1 {[%emt 0:10:30]} Nh5 {[%emt 0:08:30]} 17. Nc4 {[%emt 0:01:30]} Nf4 {[%emt 0:10:30]} 18. Ne3 {[%emt 0:09:30]} Ng6 {[%emt 0:05:30]} 19. Bc4 {[%emt 0:09:30]} Nf4 {[%emt 0:09:15]} 20. Qd2 {[%emt 0:09:30]} a6 {[%emt 0:02:06]} 21. Qb4 {[%emt 0:05:30]} Qc7 {[%emt 0:01:39]} 22. Rad1 {[%emt 0:06:30]} Rb8 {[%emt 0:01:38]} 23. Rd2 {[%emt 0:03:30]} b5 {[%emt 0:02:16]} 24. axb5 {[%emt 0:00:30]} axb5 {[%emt 0:02:04]} 25. Bf1 {[%emt 0:01:30]} Ba8 {[%emt 0:07:20]} 26. Ra1 {[%emt 0:00:30]} Qb6 {[%emt 0:01:06]} 27. Qa5 {[%emt 0:00:30]} Qc6 {[%emt 0:00:23]} 28. Nf5 {[%emt 0:07:30]} Ng6 {[%emt 0:00:23]} 29. Bxe5 {[%emt 0:04:30]} Nxe4 {[%emt 0:00:34]} 30. fxe4 {[%emt 0:04:23]} Qxe4 {[%emt 0:00:04]} 31. Rxd6 {[%emt 0:05:00]} Re8 {[%emt 0:00:36]} 32. Rxg6 {[%emt 0:03:49]} Qxe5 {[%emt 0:00:42]} 33. Rxg7+ {[%emt 0:01:15]} Kh8 {[%emt 0:00:07]} 34. Rxf7 {[%emt 0:02:30]} Bd5 {[%emt 0:00:19]} 35. Re1 {[%emt 0:01:57]} Be4 {[%emt 0:01:25]} 36. Rxe4 {[%emt 0:01:22]} 1-0